| 000 | 00504nam a22001937a 4500 | ||
|---|---|---|---|
| 003 | KOHA_MİRAKIL | ||
| 005 | 20251022125312.0 | ||
| 008 | 251022b tu ||||| |||| 00| 0 tur d | ||
| 020 | _a9786257949590 | ||
| 040 |
_aTR-AnABB _btur _cTR-AnABB |
||
| 041 | _atur | ||
| 082 |
_a297.78 _bCEM 2022 |
||
| 100 | 1 | _aCemal-i Halveti | |
| 245 | 1 | 0 |
_aŞemsiyye / _cCemal-i Halveti |
| 260 |
_aİstanbul : _bSufi kitap, _c2022 |
||
| 300 |
_a213 sayfa ; _c20 cm |
||
| 650 | 0 | 0 | _aTasavvuf |
| 942 |
_2ddc _cBK |
||
| 999 |
_c9178 _d9178 |
||
| 900 | _bGizem YORULMAZ | ||